01304nam a22002537a 450000500170000001000150001702000270003203500130005903700130007208200190008510000290010424500740013326000420020727000700024930000250031950000520034450503660039660000390076265000370080165000280083894200330086699900170089995201340091620150519160618.0 aENG-112566 a9789381904817c1850.00 aEN-96098 bDBAD/PUB a623.451190955  aMousavian, Seyed Hossein00aThe Iranian nuclear crisis :c by Seyed Hossein Mousavianba memoir / aNew DelhibKW Publishersc2013(repr.) a4676/21, First Floor, Ansari Road, Daryaganj, bNew Delhie110002 axii,597p. c24cm(Hb) a Includes bibliographical references and index. a The origin and development of Iran’s nuclear program -- The first crisis -- From Tehran to Paris -- From the Paris Agreement to the 2005 presidential election -- The larijani period -- To the Security Council -- Back to the Security Council and a new domestic situation -- Iran alone: the Jalili period -- U.S. engagement -- The crisis worsens -- Conclusion. a Mousavian, Seyyed Hossein,d1967- aNuclear nonproliferation zIran. a Nuclear weaponszIran. 2ddccENmMOUh623.451190955  c92684d92684 001040718NFICaDBADbDBADd2015-04-01eDBAD/PUBg1850.00l0o623.451190955 MOUpEN-96098r2015-04-01 00:00:00t1v1850.00yEN